| 000 | 00749nam a22002657a 4500 | ||
|---|---|---|---|
| 001 | 6738 | ||
| 003 | FISKH | ||
| 005 | 20250523115624.0 | ||
| 008 | 250523b cb ||||| |||| 00| 0 eng d | ||
| 020 | _a9780439455640 | ||
| 040 |
_aFISKH _beng _cFISKH _dFISKH |
||
| 050 | _aQL751.5 .G45 | ||
| 082 | _a 595.7 | ||
| 100 | _aGeist, Ellen | ||
| 245 |
_aAt work / _cWritten by Ellen Geist |
||
| 260 |
_aNew York : _bScholastic, _c2002. |
||
| 300 |
_a9 pages : _bcolor illustrations ; _c21 cm |
||
| 505 | _aA | ||
| 520 | _aUses simple text and illustrations to show animals, insects, and humans at work. | ||
| 521 | 8 |
_a70
_bLexile |
|
| 521 | 8 |
_aA
_bRaz-Plus |
|
| 650 |
_aSight Words _vScience |
||
| 942 |
_2ddc _cBK _n0 |
||
| 999 |
_c6738 _d6738 |
||